00365pab a2200133 454500008004000000100001900040245008300059260000900142300001500151362000800166650001900174700002000193773001800213180718b2008 xxu||||| |||| 00| 0 eng d aAnnigeri, V.B. aBurden of diseases: a micro level analysis for selected districts of Karnataka c2008 ap.184-203. aJun aHealth service aNayantara, S.N. aSocial Change